00916nam a22002537a 450000500170000001000130001702000220003003500130005203700160006504000120008108200160009324500610010926000460017027000450021630000250026149000710028650000490035765000340040665000310044070000240047194200250049599900190052095201230053920170124110018.0 aA-470349 c00.00a8171003311 aA-470349 bCen Lib/Ret aDPLbEN a342.54bNEH aNehruvian constitutional vision /cedited by I.P. Massey aNew DelhibDeep & Deep publicationsc1991 aF-159, Rajouri GardenbNew Delhie110027 axii,170p. c21cm(Hb) aIndian economy since independence series third title in the series aIncludes bibliographical reference and index aPolitical sciencezIndia9463 aConstitutionzIndia919207 918983aMassey, I.P. 2ddccENh342.54mNEH c127039d127039 00104070aLbLd2015-06-27eCen Lib/Retg0.00l0o342.54 NEHpA-470349r2015-06-27 00:00:00t1v0.00w2015-06-27yEN